00977cam a22002057a 4500020001800000020001500018040001000033082002600043245015100069246009200220246018400312260007600496300003100572650002100603650002500624650001800649700002300667710006100690710002000751 a9789251068779 a9251068771 cBTCTA a634 ROM 2011 A035 Or.00aGuide to good practice in contract labour in forestry :breport of the UNECE/FAO Team of Specialists on the Best Practices in Forest Contracting /30aReport of the UNECE/FAO Team of Specialists on the Best Practices in Forest Contracting3 aReport of the United Nations Economic Commission for Europe/Food and Agriculture Organization of the United Nations Team of Specialists on the Best Practices in Forest Contracting aRome :bFood and Agriculture Organization of the United Nations,c2011. ax, 61 p. :bill. ;c25 cm. 0aContracting out. 0aForests and forestry 0aForest policy1 aKastenholz, Edgar.2 aFood and Agriculture Organization of the United Nations.2 aUnited Nations.